000 00290nam a2200121Ia 4500
008 140130s9999 xx 000 0 und d
245 _cJean Frits
_aWhy Don't You Get A Horse
260 _bScholastic,
_c1974
440 _v1
521 _aGrade 4 - Grade 7
942 _cBK
999 _c41171
_d41171